BUSINESS STATISTICS. (Record no. 8034)

MARC details
000 -LEADER
fixed length control field 00437nam a22001697a 4500
005 - DATE AND TIME OF LATEST TRANSACTION
control field 20221215105459.0
008 - FIXED-LENGTH DATA ELEMENTS--GENERAL INFORMATION
fixed length control field 221215b |||||||| |||| 00| 0 eng d
020 ## - INTERNATIONAL STANDARD BOOK NUMBER
ISBN 978-935097-407-0
041 ## - LANGUAGE CODE
Language code of text/sound track or separate title eng
082 ## - DEWEY DECIMAL CLASSIFICATION NUMBER
Classification number 519.5-GUP-B
100 ## - MAIN ENTRY--AUTHOR NAME
Personal name GUPTA ,S.C AND GUPTA,INDRA .
245 ## - TITLE STATEMENT
Title BUSINESS STATISTICS.
250 ## - EDITION STATEMENT
Edition statement 2nd ed.
260 ## - PUBLICATION, DISTRIBUTION, ETC. (IMPRINT)
Place of publication MUMBAI.
Name of publisher HIMALAYA PUBLICING HOUSE
Year of publication 2022
300 ## - PHYSICAL DESCRIPTION
Number of Pages 19.27;P.-APX-I.6
942 ## - ADDED ENTRY ELEMENTS (KOHA)
Koha item type Books
Holdings
Lost status Damaged status Collection code Home library Current library Shelving location Date acquired Source of acquisition Cost, normal purchase price Full call number Accession Number Koha item type
    MANAGEMENT JRU Library JRU Library SHELF-75-C 06/10/2022 DONATED 775.00 519.5-GUP-B 26854 Books